A saga do gaúcho Martin Fierro (Record no. 131632)

MARC details
000 -LÍDER
campo de controle de tamanho fixo 00527 a2200205 4500
001 - NÚMERO DE CONTROLE
campo de controle 131632
020 ## - ISBN - INTERNATIONAL STANDARD BOOK NUMBER
ISBN - International Standard Book Number 85-262-1844-1
040 ## - FONTE DA CATALOGAÇÃO
Instituição que transcreveu o registro Leonardo Da Vinci
041 ## - CÓDIGO DE IDIOMA
Código do idioma do texto/trilha sonora ou título diferente Português
082 ## - CDD - CLASSIFICAÇÃO DECIMAL DE DEWEY
Número de Classificação J H478s
Número do exemplar H478s
100 ## - ENTRADA PRINCIPAL--NOME PESSOAL
Nome pessoal HERNÁNDEZ, José
245 ## - TÍTULO
Título A saga do gaúcho Martin Fierro
260 ## - PUBLICAÇÃO, DISTRIBUIÇÃO, ETC.
Nome do editor, distribuidor, etc. Scipione
Data da publicação, distribuição, etc. 1991
Local de publicação, distribuição, etc. São Paulo
300 ## - DESCRIÇÃO FÍSICA
Extensão 96
362 ## - DATAS DE PUBLICAÇÃO E/OU DESIGNAÇÃO SEQUENCIAL
Datas de publicação e/ou designação sequencial 19910000
490 ## - TÍTULO DA SÉRIE
Título da série Reencontro
500 ## - NOTA GERAL
Nota geral José Angeli (Tradução)
697 ## - ENTRADA DE ASSUNTO LOCAL--ENTIDADE COLETIVA (RLIN)
Nome corporativo ou nome da jurisdição Literatura juvenil
-- Literatura infanto-juvenil
-- Romance
942 ## - ELEMENTOS DE ENTRADA ADICIONADOS (KOHA)
Tipo de material Koha Livros
Holdings
Situação do descarte Situação das perdas Situação física Não pode ser emprestado Biblioteca de origem Biblioteca atual Data de aquisição Total de empréstimos Número de chamada completo Código de barras Data de último acesso Data do preço efetivo Tipo de material Koha Fonte da classificação ou esquema de arquivamento na estante Nota pública Número do exemplar
        Leonardo Da Vinci - Osasco Leonardo Da Vinci - Osasco 27/03/2024   J H478s O001527 27/03/2024 27/03/2024 Livros      
        Leonardo Da Vinci - Osasco Leonardo Da Vinci - Osasco 27/03/2024   J H478s O001526 27/03/2024 27/03/2024 Livros      
        Novo Tempo - Aureliano São José Novo Tempo - Aureliano São José 23/05/2024     nt889 23/05/2024 23/05/2024 Livros Classificação Decimal de Dewey estante roxa  
        Novo Tempo - Aureliano São José Novo Tempo - Aureliano São José 23/05/2024     nt890 23/05/2024 23/05/2024 Livros Classificação Decimal de Dewey estante roxa 2